Artistas musicales según su apellido - Estadísticas

Estadísticas generales
  • Esta prueba ha sido intentada 4.162 veces
    3.037 desde el último reinicio
  • La puntuación promedio es 9 de 21
Estadísticas de respuestas
Apellido Nombre % Correcto
Bisbal David
96%
Fonsi Luis
90%
Pantoja Isabel
86%
Cabello Camila
81%
Mena Ana
67%
Venegas Julieta
65%
Ubago Alex
59%
Estefan Gloria
49%
Cruz Celia
46%
Cerati Gustavo
35%
Arjona Ricardo
32%
Montero Amaia
31%
Gardel Carlos
29%
Torres Diego
22%
Castro Cristian
21%
Pintos Abel
18%
Infante Pedro
16%
Lynch Valeria
11%
Rada Ruben
7%
Mihanovich Sandra
7%
Horvilleur Emmanuel
6%
No se encontraron pruebas coincidentes
Distribución de puntuación
Porcentaje de gente con cada puntuación
Porcentaje por número respondido
Historial de tus puntuaciones
No has intentado esta prueba desde el último reinicio